Productividad (Registro nro. 17955)

Detalles MARC
000 -LEADER
fixed length control field 00305 a2200109 4500
001 - CONTROL NUMBER
control field ART_10968
005 - DATE AND TIME OF LATEST TRANSACTION
control field 20260410161732.0
008 - FIXED-LENGTH DATA ELEMENTS--GENERAL INFORMATION
fixed length control field 260409a
100 1# - MAIN ENTRY--PERSONAL NAME
Personal name Herrscher, Enrique G.
245 10 - TITLE STATEMENT
Title Productividad
773 0# - HOST ITEM ENTRY
Title Ejecutivos de finanzas
Related parts - Año 4, Nº 34 (dic. 1986)
Record control number REV2863

No hay ítems disponibles.